| 000 | 00520nam a2200157 i 4500 | ||
|---|---|---|---|
| 001 | 20881 | ||
| 003 | ES-MaACL | ||
| 005 | 20230906152400.0 | ||
| 007 | t| | ||
| 008 | 021119s1926 sp ||||1| spa d | ||
| 100 | 1 |
_aAlarcón, Francisco B. _919127 |
|
| 245 | 1 | 0 |
_aDios y la energía en el origen de la vida _b: los efectos sorprendentes de la mecánica universal / _cFrancisco B. Alarcón. |
| 260 |
_aMálaga : _b[s.n., _c1926] ( _fTip. de José Supervielle) |
||
| 300 |
_a58 p. ; _c19 cm. |
||
| 852 |
_aES-MaACL _j1704-F-5 |
||
| 999 |
_c20881 _d20881 |
||